| 000 | 00671nam a2200181 a 4500 | ||
|---|---|---|---|
| 003 | 0 | ||
| 005 | 20250507151009.0 | ||
| 008 | 970101s19uu xx 00 eng d | ||
| 050 |
_aPHS HQ 759.4 _b.M37 2004 |
||
| 100 | _aMascariñas, Jona Valhalla Borja. | ||
| 245 |
_aA Study on the effects of pregnancy to the lives of teenage mothers / _cJona Valhalla Borja Masariñas. |
||
| 260 |
_aLas Piñas City, Philippines : _bSouthville International School and Colleges, _c2004. |
||
| 300 |
_a39 pages ; _c28 cm. |
||
| 504 | _aIncludes bibliographical references. | ||
| 650 |
_aTeenage mothers _xPsychology. |
||
| 650 |
_aTeenage pregnancy _xSocial aspects. |
||
| 942 |
_2lcc _cPASS |
||
| 999 |
_c97137 _d97137 |
||